[Event "Karl Mala Memorial op 09th"]
[Site "Frankfurt"]
[Date "2005.07.28"]
[Round "1"]
[White "Boelke, Thomas"]
[Black "Schengel, Soeren"]
[Result "1-0"]
[WhiteElo "2077"]
[BlackElo "1528"]
[PlyCount "31"]
[EventDate "2005.07.28"]
[EventType "swiss"]
[EventRounds "7"]
[EventCountry "GER"]
[SourceTitle "EXT 2006"]
[Source "ChessBase"]
[SourceDate "2005.11.24"]
[SourceVersion "1"]
[SourceVersionDate "2005.11.24"]
[SourceQuality "1"]

1. g3 d5 2. Bg2 Nf6 3. Nf3 c5 4. 0-0 Bf5 5. c4 e6 6. d4 Nc6 7. cxd5 Nxd5 8. Re1 Bg4 9. Ne5 Nxe5 10. dxe5 Be7 11. Qa4+ b5 12. Qxg4 g6 13. Bh6 Qa5 14. Nc3 Rd8 15. Red1 Nb4 16. a3 1-0

[Event "Rhein Main op 08th"]
[Site "Bad Homburg"]
[Date "2005.05.30"]
[Round "7"]
[White "Krahe, Frank"]
[Black "Boelke, Thomas"]
[Result "1/2-1/2"]
[WhiteElo "2204"]
[BlackElo "2069"]
[PlyCount "71"]
[EventDate "2005.05.25"]
[EventType "swiss"]
[EventRounds "7"]
[EventCountry "GER"]
[SourceTitle "EXT 2006"]
[Source "ChessBase"]
[SourceDate "2005.11.24"]
[SourceVersion "1"]
[SourceVersionDate "2005.11.24"]
[SourceQuality "1"]

1. e4 g6 2. d4 Bg7 3. Nf3 d6 4. Bc4 e6 5. Bg5 Ne7 6. Nbd2 Nd7 7. 0-0 h6 8. Bh4 0-0 9. c3 a6 10. a4 b6 11. Qe2 Bb7 12. Rad1 Qe8 13. Rfe1 Nf6 14. e5 Nfd5 15. Ne4 Nf4 16. Qd2 Bxe4 17. Qxf4 Bxf3 18. Qxf3 d5 19. Bd3 c5 20. Bf6 cxd4 21. cxd4 Nc6 22. Bb1 b5 23. axb5 axb5 24. Re3 Ra4 25. Qf4 Qc8 26. Rh3 Rxd4 27. Rxd4 Nxd4 28. Bd3 Qc2 29. Qe3 Qd1+ 30. Bf1 Ra8 31. Qd3 Ra1 32. Qxd1 Rxd1 33. f4 Rb1 34. Rd3 Ne2+ 35. Kf2 Nxf4 36. Rb3 1/2-1/2

[Event "Rhein Main op 08th"]
[Site "Bad Homburg"]
[Date "2005.05.26"]
[Round "2"]
[White "Boelke, Thomas"]
[Black "Meijers, Viesturs"]
[Result "0-1"]
[WhiteElo "2069"]
[BlackElo "2486"]
[PlyCount "82"]
[EventDate "2005.05.25"]
[EventType "swiss"]
[EventRounds "7"]
[EventCountry "GER"]
[SourceTitle "EXT 2006"]
[Source "ChessBase"]
[SourceDate "2005.11.24"]
[SourceVersion "1"]
[SourceVersionDate "2005.11.24"]
[SourceQuality "1"]

1. g3 c5 2. Bg2 Nc6 3. d3 b6 4. Nf3 Bb7 5. e4 e6 6. 0-0 Nf6 7. Nbd2 d5 8. Re1 Be7 9. c3 h6 10. a3 Qc7 11. b4 dxe4 12. dxe4 0-0 13. Bb2 Rfd8 14. Qe2 Nd7 15. b5 Nce5 16. Nc4 Nxc4 17. Qxc4 a6 18. a4 Nf6 19. e5 axb5 20. axb5 Rxa1 21. Bxa1 Nd7 22. Qe2 c4 23. Nd4 Bxg2 24. Kxg2 Qc5 25. Qe4 Bf8 26. Bb2 Qd5 27. Qxd5 exd5 28. e6 fxe6 29. Nxe6 Ra8 30. Nc7 Ra2 31. Bc1 Bc5 32. Be3 Rb2 33. Bxc5 Nxc5 34. Re5 d4 35. cxd4 Nd3 36. Re8+ Kf7 37. Rc8 c3 38. Nd5 c2 39. Nxb6 c1Q 40. Rxc1 Nxc1 41. Nd5 Rxb5 0-1

[Event "Rhein Main op 08th"]
[Site "Bad Homburg"]
[Date "2005.05.25"]
[Round "1"]
[White "Kanning, Thorsten"]
[Black "Boelke, Thomas"]
[Result "0-1"]
[WhiteElo "1582"]
[BlackElo "2069"]
[PlyCount "62"]
[EventDate "2005.05.25"]
[EventType "swiss"]
[EventRounds "7"]
[EventCountry "GER"]
[SourceTitle "EXT 2006"]
[Source "ChessBase"]
[SourceDate "2005.11.24"]
[SourceVersion "1"]
[SourceVersionDate "2005.11.24"]
[SourceQuality "1"]

1. e4 g6 2. d4 Bg7 3. Nf3 d6 4. c3 Nf6 5. Bd3 0-0 6. 0-0 Nc6 7. h3 e5 8. Bc2 h6 9. Be3 Re8 10. d5 Ne7 11. Qd2 Kh7 12. Nh2 Rf8 13. f4 exf4 14. Bxf4 Nh5 15. Nf3 Nxf4 16. Qxf4 f5 17. Qh4 Bf6 18. Qe1 fxe4 19. Bxe4 Bf5 20. Bxf5 Nxf5 21. Nbd2 c6 22. dxc6 bxc6 23. Ne4 Bg7 24. g4 Qb6+ 25. Qf2 Ne3 26. Kh1 Nxf1 27. Rxf1 d5 28. Nfg5+ hxg5 29. Nxg5+ Kg8 30. Qh4 Rxf1+ 31. Kg2 Qg1# 0-1

[Event "Karl Mala Memorial op 08th"]
[Site "Frankfurt"]
[Date "2004.07.25"]
[Round "6"]
[White "Sefeloge, Michael"]
[Black "Boelke, Thomas"]
[Result "1/2-1/2"]
[WhiteElo "1686"]
[BlackElo "1947"]
[PlyCount "34"]
[EventDate "2004.07.22"]
[EventType "swiss"]
[EventRounds "7"]
[EventCountry "GER"]
[SourceTitle "EXT 2005"]
[Source "ChessBase"]
[SourceDate "2004.11.15"]
[SourceVersion "1"]
[SourceVersionDate "2004.11.15"]
[SourceQuality "1"]

1. d4 g6 2. Nf3 Bg7 3. e3 Nf6 4. Be2 0-0 5. Nbd2 d6 6. c4 Nbd7 7. 0-0 e5 8. dxe5 dxe5 9. Qc2 Qe7 10. e4 Nh5 11. Ne1 Nf4 12. Bf3 Nc5 13. Nb3 Nce6 14. Be3 a5 15. Rd1 a4 16. Nc1 Ng5 17. Ncd3 Nxd3 1/2-1/2

[Event "Rhein Main op 07th"]
[Site "Bad Homburg"]
[Date "2004.06.13"]
[Round "7.32"]
[White "Boelke, Thomas"]
[Black "Arnold, Michael"]
[Result "1/2-1/2"]
[WhiteElo "1974"]
[BlackElo "1714"]
[PlyCount "38"]
[EventDate "2004.06.09"]
[EventType "swiss"]
[EventRounds "7"]
[EventCountry "GER"]
[SourceTitle "CBM 100 Extra"]
[Source "ChessBase"]
[SourceDate "2004.07.06"]
[SourceVersion "2"]
[SourceVersionDate "2004.07.06"]
[SourceQuality "1"]

1. Nf3 d5 2. c4 dxc4 3. Na3 Nf6 4. g3 b6 5. Bg2 Bb7 6. 0-0 e6 7. Nxc4 Be7 8. Qa4+ Qd7 9. Qb3 0-0 10. d4 Bd5 11. Qd3 Qb5 12. Nce5 Qxd3 13. Nxd3 Nbd7 14. Nfe5 Bxg2 15. Kxg2 c5 16. dxc5 Nxe5 17. Nxe5 Bxc5 18. Nd3 Bd6 19. Be3 Rac8 1/2-1/2

[Event "Rhein Main op 07th"]
[Site "Bad Homburg"]
[Date "2004.06.10"]
[Round "2.25"]
[White "Fragin, Ilja"]
[Black "Boelke, Thomas"]
[Result "1/2-1/2"]
[WhiteElo "1767"]
[BlackElo "1974"]
[PlyCount "49"]
[EventDate "2004.06.09"]
[EventType "swiss"]
[EventRounds "7"]
[EventCountry "GER"]
[SourceTitle "CBM 100 Extra"]
[Source "ChessBase"]
[SourceDate "2004.07.06"]
[SourceVersion "2"]
[SourceVersionDate "2004.07.06"]
[SourceQuality "1"]

1. e4 d6 2. d4 Nf6 3. Nc3 g6 4. f3 c6 5. Be3 b5 6. Qd2 Nbd7 7. g4 h5 8. g5 Ng8 9. h4 a6 10. Rd1 e6 11. d5 exd5 12. Qd4 Rh7 13. exd5 c5 14. Qe4+ Qe7 15. Bf4 Ne5 16. Bxe5 Qxe5 17. Qxe5+ dxe5 18. d6 Bf5 19. Rh2 0-0-0 20. Rhd2 Kb7 21. Bh3 Kc6 22. d7 Bxh3 23. Nxh3 f5 24. gxf6 Nxf6 25. Rg2 1/2-1/2